000 00423nam a2200181Ia 4500
001 8514
005 20260306160615.0
008 260306t2015||||xx |||||||||||||| ||spa||
041 _aESP
082 _a371.1
_bV36
100 _aVásquez Rodríguez, Fernando
_eAUT
245 0 _aEl quehacer docente
260 _c2015
300 _a266 páginas :
_c23 cm.
650 _aGEN
654 _aCED
942 _cLIB
_dJUS
_fJUS
_2ddc
_n
999 _c8514
_d8514